Представление документа в формате RUSMARC

ПолеНазваниеЗначение
  Тип записи a
  Библиографический уровень m
001 Контрольный номер UONB/MAIN/9cd8fdedbd824816946bc17585184d90
005 Дата корректировки 20251009101504.3
010 Индекс ISBN __
9 Тираж 100000 экз.
b Уточнения в пер.
100 Данные общей обработки __
a Данные общей обработки 20251009d1955 u y0rusy0189## ca
101 Язык документа 0_
a Язык текста rus
102 Страна публикации __
a Страна публикации RU
105 Кодированные данные (монография) __
a Кодированные данные (монография) y z 000ay
200 Заглавие и сведения об ответственности 1_
a Заглавие Пролог
e Сведения, относящиеся к заглавию роман из начала шестидесятых годов
f Первые сведения об ответственности Н. Г. Чернышевский
203 Вид содержания и тип средства __
a Вид содержания Текст
b Характеристика содержания визуальный
c Тип средства непосредственный
210 Выходные данные 1_
a Место издания Киев
c Издательство Гослитиздат Украины
d Дата издания 1955
215 Физическое описание __
a Объем 451 с.
d Формат 21 см
606 Тематические рубрики 0_
a Основная рубрика Проза (х. л.)
610 Ключевые слова 0_
a Ключевые слова проза русская; романы русские; Россия (х. л.); общественная мысль в России 19 в. (х. л.)
686 Индексы других классификаций __
2 Код системы rubbk
a Классификационный индекс 84Р1
700 Автор _1
a Фамилия Чернышевский
b Имя (инициалы) Н. Г.
g Полное личное имя Николай Гаврилович
801 Источник записи _0
a Страна RU
b Организация Ульяновская ОНБ
c Дата составления 20251009
g Правила каталогизации RCR
801 Источник записи _1
a Страна RU
b Организация Ульяновская ОНБ
c Дата составления 20251009
g Правила каталогизации RCR
901 Тип документа __
t Тип документа m
909 Создатель записи __
a Создатель записи Макушик
b Дата создания записи 20251009